Akta Keselamatan dan Kesihatan Pekerjaan dan peraturan-peraturan : (Record no. 4927)

000 -LEADER
fixed length control field 01021nam a22002657a 4500
005 - DATE AND TIME OF LATEST TRANSACTION
control field 20220107145812.0
008 - FIXED-LENGTH DATA ELEMENTS--GENERAL INFORMATION
fixed length control field 220107b2021 my ||||| |||| 00| 0 my d
020 00 - INTERNATIONAL STANDARD BOOK NUMBER
International Standard Book Number 9789677014602
Terms of availability RM 24.00
040 ## - CATALOGING SOURCE
Original cataloging agency AKMAL
082 00 - DEWEY DECIMAL CLASSIFICATION NUMBER
Classification number 344.5950465 MAL
090 00 - LOCALLY ASSIGNED LC-TYPE CALL NUMBER (OCLC); LOCAL CALL NUMBER (RLIN)
Classification number (OCLC) (R) ; Classification number, CALL (RLIN) (NR) 344.5950465
Local cutter number (OCLC) ; Book number/undivided call number, CALL (RLIN) MAL
110 1# - MAIN ENTRY--CORPORATE NAME
Corporate name or jurisdiction name as entry element Malaysia
9 (RLIN) 9380
245 10 - TITLE STATEMENT
Title Akta Keselamatan dan Kesihatan Pekerjaan dan peraturan-peraturan :
Remainder of title Akta 514 = Occupational Safety and Health Act and regulations : Act 514
246 31 - VARYING FORM OF TITLE
Title proper/short title Occupational Safety and Health Act and regulations : Act 514
260 ## - PUBLICATION, DISTRIBUTION, ETC.
Place of publication, distribution, etc. Kuala Lumpur :
Name of publisher, distributor, etc. MDC Publishers,
Date of publication, distribution, etc. 2009
300 ## - PHYSICAL DESCRIPTION
Extent iv, 362ms. ;
Dimensions 27cm
490 1# - SERIES STATEMENT
Series statement Undang-undang Malaysia
490 1# - SERIES STATEMENT
Series statement Laws of Malaysia
500 ## - GENERAL NOTE
General note Teks sejajar bahasa Malaysia dan Inggeris
650 10 - SUBJECT ADDED ENTRY--TOPICAL TERM
Topical term or geographic name entry element Industrial safety
General subdivision Law and legislation
Geographic subdivision Malaysia
9 (RLIN) 9381
650 20 - SUBJECT ADDED ENTRY--TOPICAL TERM
Topical term or geographic name entry element Industrial hygiene
General subdivision Law and legislation
Geographic subdivision Malaysia
9 (RLIN) 9382
830 #0 - SERIES ADDED ENTRY--UNIFORM TITLE
Uniform title UNDANG-UNDANG MALAYSIA
9 (RLIN) 9383
830 #0 - SERIES ADDED ENTRY--UNIFORM TITLE
Uniform title Laws of Malaysia
9 (RLIN) 9384
942 ## - ADDED ENTRY ELEMENTS (KOHA)
Source of classification or shelving scheme
Koha item type Book
Holdings
Withdrawn status Lost status Source of classification or shelving scheme Damaged status Not for loan Collection code Home library Current library Shelving location Date acquired Inventory number Total Checkouts Full call number Barcode Date last seen Price effective from Koha item type
          NON-FICTION AKMAL Melaka AKMAL Melaka PINJAMAN 07.01.2022 011441   344.5950465 MAL 201708086 07.01.2022 07.01.2022 Book
Pusat Sumber Maklumat Dato' Haji Sarmin Md Hussin, Akademi Kastam Diraja Malaysia, Melaka
Tel: 06-2331106 | Faks: 06-2313787